Statistiques concernant Drapeaux de pays Bleu-Blanc-Rouge UNIQUEMENT

Cliquez ici pour prendre le quiz!

Statistiques générales

  • Ce quiz a été pris 67 fois
    (48 depuis la dernière actualisation)
  • Le résultat moyen est 11 sur 23

Statistiques - réponses

Réponse% Correct
France
98%
Pays-Bas
88%
États-Unis
81%
Luxembourg
81%
Russie
79%
Royaume-Uni
76%
Australie
69%
Nouvelle-Zélande
64%
Cuba
50%
Slovaquie
48%
Norvège
45%
Islande
43%
Panama
43%
Corée du Nord
38%
Costa Rica
38%
Thaïlande
38%
Chili
36%
République-Tchèque
36%
Laos
21%
Liberia
21%
Samoa
17%
Taïwan
14%
Népal
12%

Distribution des résultats

Percentile par nombre de réponses

% des personnes avec chaque résultat

Votre développement - résultats

Vous n’avez pas pris ce quiz depuis la dernière actualisation